000 00594nam a2200181Ia 4500
008 100921s9999 xx 000 0 und d
082 _b31397
_a891.463 थ 92
100 _aऔरंगाबादकर अनुराधा.
245 _aबहर.
260 _bप्रचार प्रकाशन, कोल्हापूर.
_c1992
300 _a115
_bमयुरेष बुक एजन्सी,कराड
365 _b25
520 _aललित-कथा.
630 _aबहर.
650 _aललित-कथा.
730 _aबहर.
942 _cBOOK
999 _c780510
_d780507